Vybrané otázky inovačného rozvoja EÚ a SR v kontexte stratégie Európa 2020 a iniciatívy Inovácia v Únii

Potreba inovácií v globálnom svete. Výskum a vývoj, vzdelávanie v Európskej únii. Inovačná výkonnosť členských štátov EÚ. Iniciatívy Európskej komisie v oblasti inovácií. Vybrané problémy a úlohy inovačného rozvoja v SR.

Salvato in:
Dettagli Bibliografici
Autore principale: Gonda, Vladimír
Natura: Capitolo di libro
Lingua:slovacco
Soggetti:
Tags: Aggiungi Tag
Nessun Tag, puoi essere il primo ad aggiungerne!!

MARC

LEADER 00000nla a2200000 4500
001 0195743
005 20240502073305.1
041 0 |a slo 
044 |a SK 
245 1 0 |a Vybrané otázky inovačného rozvoja EÚ a SR v kontexte stratégie Európa 2020 a iniciatívy Inovácia v Únii  |c Vladimír Gonda 
520 |a Potreba inovácií v globálnom svete. Výskum a vývoj, vzdelávanie v Európskej únii. Inovačná výkonnosť členských štátov EÚ. Iniciatívy Európskej komisie v oblasti inovácií. Vybrané problémy a úlohy inovačného rozvoja v SR. 
610 2 0 |a Európska únia 
610 2 0 |a Slovensko 
610 2 0 |a inovácia 
610 2 0 |a výskum 
610 2 0 |a vývoj 
610 2 0 |a vzdelávanie 
100 1 |a Gonda, Vladimír